| 000 | 00777nam a2200229Ia 4500 | ||
|---|---|---|---|
| 003 | GCL | ||
| 008 | 140319s9999 xx 000 0 ara d | ||
| 040 |
_aGCL / _cGCL |
||
| 082 | 0 | 4 |
_aم _b819 _bج ك |
| 100 | 1 | _aالجاحظ : ابوعثمان عمرو بن بحر محبوب | |
| 245 | 1 | 0 |
_aكتاب الحيوان / _cالجاحظ : ابوعثمان عمرو بن بحر محبوب |
| 260 |
_a[S.N] : _bدار الجيل ، _c1992 |
||
| 300 | _aمتعدد | ||
| 490 |
_aدراسة فى ازمة الخليج _v0 |
||
| 650 | 0 | 4 | _aالشعر العربى |
| 650 | 0 | 4 | _aالادب العربى |
| 650 | 0 | 4 | _aالنثر العربى |
| 650 | 0 | 4 | _aدواوين وقصائد |
| 650 | 0 | 4 | _aالبلاغة العربية |
| 650 | 0 | 4 | _aالمجموعات |
| 942 |
_2ddc _cREF |
||
| 999 |
_c59268 _d59268 |
||